000 00506nam a22001817a 4500
005 20251108173125.0
008 250721s2005 xx 000 0 ara d
082 1 4 _a214.3/ شاد
100 1 _aالشادي، صالح
245 1 0 _aالناس و الخناس :رؤية إسلامية /
264 1 _aجدة :
_bالمؤلف،
_c2005.
300 _a175ص.
490 0 _aسلطة إبليس
_v2
650 1 7 _aالجن
650 1 7 _aالعقيدة الدينية
942 _2ddc
_cBK
999 _c96610
_d96610